000 00483nam a22001697a 4500
999 _c7227
_d7227
003 GBCCL
005 20241126110623.0
008 180719b ||||| |||| 00| 0 eng d
040 _cgbc
082 _aVER 415.5
_bLIA
100 _aLiankhohau, T.
_9196
245 _aPaite hoih:
_bpau hinnanei hinna-in mi a hopihdan /
_cT. Liankhohau
260 _aLamka:
_bLungdeih Publications,
_c2002
300 _av, 132 p.;
_bill.,
_c20 cm.
650 _aLanguage
_xPaite
_912800
942 _2ddc
_cBK
_02